Έρευνα για τη χρήση των νέων τεχνολογιών στα Μουσεία της Κρήτης : δράσεις, προβληματισμοί, προοπτικές : διπλωματική εργασία
Η παρούσα εργασία έχει ως στόχο την μελέτη, την έρευνα και την επεξεργασία δεδομένων που αφορούν στη συμμετοχή των Μουσείων της Κρήτης στην ψηφιακή εποχή, που αφορά την χρήση τόσο των νέων τεχνολογιών που εντάσσονται στο χώρο του Μουσείου και χρησιμοποιούνται ως εργαλεία στα πεδία λειτουργίας των ορ...
Αποθηκεύτηκε σε:
| Κύριος συγγραφέας: | |
|---|---|
| Συγγραφή απο Οργανισμό/Αρχή: | |
| Άλλοι συγγραφείς: | |
| Μορφή: | Thesis Βιβλίο |
| Γλώσσα: | Greek |
| Δημοσίευση: |
2015.
|
| Θέματα: | |
| Διαθέσιμο Online: | http://hdl.handle.net/11610/15960 |
| Ετικέτες: |
Προσθήκη ετικέτας
Δεν υπάρχουν, Καταχωρήστε ετικέτα πρώτοι!
|
MARC
| LEADER | 00000cam a2200000 a 4500 | ||
|---|---|---|---|
| 001 | 1/110361 | ||
| 008 | 160318s2015####gr | ||| |||| ||gre|| | ||
| 040 | |a GR-MyUa |b gre |c GR-MyUa |e AACR2 | ||
| 041 | 0 | |a gre | |
| 082 | 7 | |a 069 |2 (23) | |
| 100 | 1 | |a Χατζάσκου, Ηρώ. | |
| 245 | 1 | 0 | |a Έρευνα για τη χρήση των νέων τεχνολογιών στα Μουσεία της Κρήτης : |b δράσεις, προβληματισμοί, προοπτικές : διπλωματική εργασία / |c Χατζάσκου Ηρώ ; επιβλέπουσα καθηγήτρια: Χουρμουζιάδη Αναστασία. |
| 260 | |c 2015. | ||
| 300 | |a 281 σ. ; |c 30 εκ. | ||
| 502 | |a Διατριβή (μεταπτυχιακή) - Πανεπιστήμιο Αιγαίου, Λέσβος, 2015. | ||
| 504 | |a Περιλαμβάνει βιβλιογραφία και παράρτημα. | ||
| 506 | 1 | |a Ηλεκτρονική διάθεση στο πλήρες κείμενο – περιορισμένης πρόσβασης ; |d Ελεύθερη διάθεση μόνο στα μέλη του Πανεπιστημίου Αιγαίου. | |
| 520 | 8 | |a Η παρούσα εργασία έχει ως στόχο την μελέτη, την έρευνα και την επεξεργασία δεδομένων που αφορούν στη συμμετοχή των Μουσείων της Κρήτης στην ψηφιακή εποχή, που αφορά την χρήση τόσο των νέων τεχνολογιών που εντάσσονται στο χώρο του Μουσείου και χρησιμοποιούνται ως εργαλεία στα πεδία λειτουργίας των οργανισμών, όσο και για παρουσία και προώθηση των οργανισμών στο διαδίκτυο. Επιπροσθέτως, η εργασία έχει ως σκοπό την εξαγωγή αποτελεσμάτων, την καταγραφή συμπερασμάτων, προβληματισμών αλλά και προτάσεων στο τομέα της χρήσης των Νέων Τεχνολογιών από τα Μουσεία.Στο πρώτο μέρος της εργασίας παρουσιάζονται τα αποτελέσματα της βιβλιογραφικής μελέτης. Συγκεκριμένα γίνεται αναφορά στα παιδία χρήσης των νέων τεχνολογιών από τα Μουσεία τόσο στον χώρο του Μουσείου, όσο και στην παρουσία των οργανισμών στο διαδίκτυο. Στο δεύτερο μέρος της εργασίας παρουσιάζονται τα ερωτηματολόγια και τα δεδομένα που συλλέχτηκαν, ως αποτελέσματα του ερευνητικού μέρους της εργασίας, το οποίο αποτελείται από την επιτόπια και διαδικτυακή έρευνα. Επιπλέον, παρουσιάζεται η έρευνα που αφορά στους ιστοτόπους του Μουσειακού δείγματος της έρευνας. Στο τελευταίο κεφάλαιο της εργασίας, διατυπώνονται συμπεράσματα που αφορούν την συνολική διαδικασία της έρευνας αλλά και προτάσεις που στόχο έχουν να λειτουργήσουν βοηθητικά στην χρήση νέων τεχνολογιών από τα Μουσεία στο πλαίσιο συμμετοχής τους στην ψηφιακή εποχή. | |
| 650 | 0 | |a Museums |z Greece |x Crete. | |
| 650 | 0 | |a Museums |x Computer network resources. | |
| 650 | 0 | |a Museums |x Technological innovations. | |
| 650 | 0 | |a Museums |z Greece |z Crete |x Management. | |
| 650 | 0 | |a Museum visitors |x Attitudes. | |
| 700 | 1 | |a Χουρμουζιάδη, Αναστασία, |e dgsf | |
| 710 | 2 | |a Πανεπιστήμιο Αιγαίου. |b Σχολή Κοινωνικών Επιστημών. |b Τμήμα Πολιτισμικής Τεχνολογίας και Επικοινωνίας. |b Πρόγραμμα Μεταπτυχιακών Σπουδών Πολιτισμική Πληροφορική και Επικοινωνία. | |
| 852 | |a INST |b LESVOS |c DIATR |e 20160318 |h 608 |p 005100057419 |q 005100057419 |t MTXE |y 23 | ||
| 856 | |u http://hdl.handle.net/11610/15960 | ||
| 924 | |a Χατζάσκου |b Ηρώ |y Λέσβος |z 2015-05 | ||
| 970 | |a Τζαφέρη |b Ευαγγελία |z 18-03-2016 | ||